| 000 | 03005cam a2200325 a 4500 | ||
|---|---|---|---|
| 001 | 15067404 | ||
| 003 | OSt | ||
| 005 | 20180117085949.0 | ||
| 008 | 071101s2009 nyu 000 0 eng d | ||
| 010 | _a 2007045403 | ||
| 020 | _a9780805861914 | ||
| 020 | _a9780805861921 | ||
| 020 | _a9781410615480 | ||
| 040 |
_aDLC _cDLC _dDLC |
||
| 050 | 0 | 0 |
_aP94 _b.H355 2009 |
| 082 | 0 | 0 |
_a175 _222 |
| 245 | 0 | 4 |
_aThe handbook of mass media ethics / _cedited by Lee Wilkins and Clifford G. Christians. |
| 260 |
_aNew York : _bRoutledge, _c2009. |
||
| 300 |
_axiv, 398 p. ; _c27 cm. |
||
| 505 | 0 | _aA philosophically based inquiry into the nature of communicating humans / Wayne Woodward -- A short history of media ethics in the United States / John P. Ferre -- Essential shared values and 21st century journalism / Deni Elliott -- Moral development / Renita Coleman and Lee Wilkins -- The search for universals / Clifford G. Christians and Thomas W. Cooper -- Truth and objectivity / Stephen J. A. Ward -- Photojournalism ethics / Julianne H. Newton -- Why diversity is an ethical issue / Ginny Whitehouse -- The ethics of advocacy / Sherry Baker -- The ethics of propaganda and the propaganda of ethics / Jay Black -- Perspectives on pornography demand ethical critique / Wendy Wyatt and Kris E. Bunton -- Violence / Patrick Plaisance -- The eroding boundaries between news and entertainment and what they mean for democratic politics / Bruce A. Williams and Michael X. Delli Carpini -- What can we get away with / Angharad N. Valdivia -- Justice as a journalistic value and goal / David A. Craig -- Transparency in journalism / Stephanie Craft and Kyle Heim -- Conflict of interest enters a new age / Edward Wasserman -- Digital ethics in autonomous systems / Michael Bugeja -- Peace journalism / Seow Ting Lee -- Privacy and the press / Lou Hodges -- Buddhist moral ethics / S. Holly Stocking -- Communitarianism / Mark Fackler -- Freedom of expression and the liberal democratic tradition / G. Stuart Adam -- Feminist media ethics / Linda Steiner -- Media ownership in a corporate age / Matthew P. McAllister and Jennifer M. Proffitt -- Ethical tensions in news making / Sandra L. Borden and Peggy Bowers -- The media in evil circumstances / Robert S. Fortner -- Global media ecology / Mark D. Alleyne. | |
| 650 | 0 |
_aMass media _xMoral and ethical aspects. |
|
| 700 | 1 | _aWilkins, Lee. | |
| 700 | 1 | _aChristians, Clifford G. | |
| 856 | 4 | 1 |
_3Table of contents only _uhttp://www.loc.gov/catdir/toc/ecip084/2007045403.html |
| 906 |
_a7 _bcbc _corignew _d1 _eecip _f20 _gy-gencatlg |
||
| 942 |
_2ddc _cBK |
||
| 999 |
_c349633 _d349633 |
||